Climatología
Guardat en:
| Autor principal: | |
|---|---|
| Altres autors: | |
| Format: | Desconegut |
| Idioma: | anglès |
| Publicat: |
Madrid, España.
Cátedra,
2019
|
| Edició: | Décima edición |
| Matèries: | |
| Accés en línia: | Disponible Online |
| Etiquetes: |
Afegir etiqueta
Sense etiquetes, Sigues el primer a etiquetar aquest registre!
|
MARC
| LEADER | 00000 a2200000 4500 | ||
|---|---|---|---|
| 003 | CL-VaPUC | ||
| 005 | 20211118195015.0 | ||
| 008 | 210106b2019 ||||| |||| 00| 0 eng d | ||
| 999 | |c 432281 |d 432279 | ||
| 020 | |a 9788437615318 | ||
| 040 | |c Pontificia Universidad Católica de Valparaíso | ||
| 082 | |a 551.6 CUA 2019 | ||
| 100 | |9 418395 |a Cuadrat, José María |e author | ||
| 245 | |a Climatología | ||
| 250 | |a Décima edición | ||
| 260 | |a Madrid, España. |b Cátedra, |c 2019 | ||
| 300 | |a 496 páginas | ||
| 583 | |k Cristina Rojas |c 20210106 | ||
| 650 | 0 | |a Climatología |9 262302 | |
| 650 | 0 | |a Clima |9 265281 | |
| 650 | |a Condiciones atmosféricas |9 340107 | ||
| 700 | |a Pita, María Fernanda |9 859282 | ||
| 856 | |u http://bibliografiadigital.pucv.cl.pucv.idm.oclc.org/index.php/bibliotecapucv/catalog/book/854 |y Disponible Online | ||
| 942 | |2 ddc |c BK | ||
| 952 | |0 0 |1 0 |2 ddc |4 0 |6 551_600000000000000_CUA_2019 |7 0 |8 A |9 577432 |a BIBING |b BIBING |d 2021-01-06 |e 3 |g 35498.00 |i 5581826 |l 6 |m 1 |o 551.6 CUA 2019 |p 5581826 |r 2025-01-20 |s 2022-10-25 |t 2 |v 35498.00 |w 2021-01-06 |y BK |k GEO | ||
| 952 | |0 0 |1 0 |2 ddc |4 0 |6 551_600000000000000_CUA_2019 |7 0 |8 A |9 577433 |a BIBING |b BIBING |d 2021-01-06 |e 3 |g 35498.00 |i 5581818 |o 551.6 CUA 2019 |p 5581818 |r 2025-01-20 |t 1 |v 35498.00 |w 2021-01-06 |y BK |k GEO | ||
| 952 | |0 0 |1 0 |2 ddc |4 0 |6 551_600000000000000_CUA_2019 |7 0 |8 A |9 577458 |a BIBING |b BIBING |d 2021-01-07 |e 3 |g 35498.00 |i 5582059 |l 3 |m 2 |o 551.6 CUA 2019 |p 5582059 |r 2025-01-20 |s 2024-09-04 |t 3 |v 35498.00 |w 2021-01-07 |y BK |k GEO | ||